[Event "Olympiad-35"]
[Site "Bled"]
[Date "2002.11.10"]
[Round "14.3"]
[White "Sutovsky, Emil"]
[Black "Tiviakov, Sergei"]
[Result "0-1"]
[WhiteElo "2657"]
[BlackElo "2631"]
[Annotator "Tiviakov,S"]
[PlyCount "130"]
[EventDate "2002.10.26"]
[EventType "team-swiss"]
[EventRounds "14"]
[EventCountry "SLO"]
[SourceTitle "CBM 092"]
[Source "ChessBase"]
[SourceDate "2003.02.06"]
[SourceVersion "1"]
[SourceVersionDate "2003.02.06"]
[SourceQuality "1"]
[WhiteTeam "Israel"]
[BlackTeam "Netherlands"]
[WhiteTeamCountry "ISR"]
[BlackTeamCountry "NED"]

1. e4 c5 2. Nc3 Nc6 3. f4 g6 4. Nf3 Bg7 5. Bb5 Nd4 6. Bc4 d6 7. O-O e6 (7...
Nf6 $5 8. e5 $140 Nxf3+ 9. Qxf3 dxe5 10. fxe5 Qd4+ 11. Qe3 Ng4 12. Bxf7+ Kd8
13. Qxd4+ cxd4 $13) 8. e5 $5 (8. d3 Ne7 $11) (8. Nxd4 cxd4 9. Ne2 Ne7 $11) 8...
Nxf3+ 9. Qxf3 d5 10. Bb5+ $1 $146 (10. Bd3 Ne7 11. b3 Bd7 12. a4 O-O 13. Ba3 b6
$15 14. Rae1 Nc6 15. Qh3 f6 16. exf6 Rxf6 17. g4 Rf7 18. f5 exf5 19. Nxd5 fxg4
20. Qg2 Rxf1+ 21. Rxf1 Ne5 22. Be4 Nf3+ 23. Kh1 Rc8 24. Bxf3 gxf3 25. Qxf3 Bc6
26. c4 Qd7 27. Re1 Kh8 28. b4 Rf8 29. Qd3 Bd4 30. bxc5 Bxd5+ 31. Re4 Rf1+ 32.
Kg2 Rg1+ {0-1 Lau,R-Lagunow,A/Binz 1994/EXT 97 (32)}) 10... Bd7 11. Bxd7+ Qxd7
12. d4 $1 cxd4 (12... b6 $5) 13. Ne2 Ne7 14. Nxd4 Nc6 (14... O-O) (14... b5 $5)
15. Nb3 $5 (15. Be3 Nxd4 16. Bxd4 O-O {/\Rfc8, Bf8-c5, /\f6}) 15... O-O 16. Be3
Rfc8 $6 (16... b6 $142 {/\Rac8}) (16... f6 $5) 17. c3 $14 b6 (17... b5 $6 18.
Nc5 {/\b4, a4, |^<<}) (17... a5 $6 18. a4 {><b5, b6, c5}) 18. Rad1 (18. h4 $5 {
/\h5, |^>>}) 18... Qe7 19. Qe2 Rab8 (19... Re8 $5 {/\Rac8}) 20. Rf2 (20. Rf3 $5
) (20. g4 f6 $1 $132) 20... Re8 $5 21. Nd4 Nxd4 22. Bxd4 Rbc8 $5 (22... f6 23.
exf6 Bxf6 $14 {><e6}) 23. Rf3 Rc4 24. Re3 (24. Rh3 f6 $13) 24... Bf8 $5 {
[/\Qd8, Bc5]} 25. Rh3 Qd8 26. Qe3 Rc7 (26... Bc5 $2 27. f5 $16) 27. g4 $5 (27.
b4 Bg7 $11 {/\f6}) 27... Bc5 28. f5 (28. Bxc5 bxc5 $11) 28... exf5 29. gxf5 f6
$1 30. e6 (30. fxg6 Rxe5 (30... Rg7 $5 $13) 31. gxh7+ Rxh7 32. Rg3+ Kh8 $13)
30... gxf5 31. Rg3+ (31. Bxc5 $5 Rxc5 32. Kh1 $13) 31... Kh8 32. Bxc5 Rxc5 (
32... bxc5 $5 33. Qf3 Rxe6 34. Qxd5 (34. Rxd5 Rd7 $15) 34... Qxd5 35. Rxd5 $14)
33. Kh1 (33. Qh6 Qe7 (33... Rg8)) 33... Rc4 34. Qf3 (34. Qh6 Rg4 $15) 34...
Rxe6 35. Rxd5 (35. Qxd5 Re1+ 36. Rg1 Rxg1+ 37. Kxg1 $11) 35... Qa8 $5 36. Rxf5
(36. Qxf5 Rd6 37. Rgd3 Rc5 38. c4 Rxc4 $17) 36... Re1+ 37. Kg2 $2 (37. Rg1
Qxf3+ 38. Rxf3 Rxg1+ 39. Kxg1 $11) 37... Re2+ 38. Kh3 Qxf3 39. Rfxf3 Rxb2 40.
Rxf6 Rc8 $15 41. a4 (41. Rf7 Rxa2 42. Rb7 $15) 41... Ra2 42. Rf4 Ra3 43. Rd4
Raxc3 44. Rd7 R3c7 45. Rgg7 Rxd7 46. Rxd7 Rc3+ $5 47. Kg4 $6 (47. Kg2 a5 48.
Rb7 $15) 47... Rc4+ 48. Kg5 Rxa4 49. h4 (49. Rd8+ Kg7 50. Rd7+ Kg8 51. Rd8+ Kf7
52. Rd7+ Ke6 53. Rxh7 $15 {o^h}) 49... a5 (49... h6+ 50. Kxh6 Rxh4+ 51. Kg5 Ra4
(51... Rh7 52. Rd8+ Kg7 53. Rd7+ Kg8 54. Rd8+ $11) 52. Kg6 Rg4+ 53. Kh6 a5 (
53... Rh4+ 54. Kg5 $11) 54. Rb7 $11) 50. h5 $2 (50. Rd8+ Kg7 51. Rd7+ Kg8 52.
Rd8+ Kf7 53. Rd7+ Ke6 54. Rxh7 $15 {o^h}) 50... Re4 $1 $19 51. Rb7 (51. Rd8+
Kg7 52. h6+ (52. Rd7+ Kg8 53. Rd8+ Kf7 54. Rd7+ Re7 $19) 52... Kf7 53. Rh8 Re5+
54. Kf4 Re6 (54... Rb5 55. Rxh7+ Kg6 56. Rh8 a4 $19) 55. Rxh7+ Kg6 56. Rh8 Kh5
57. h7 Kg6 $19) (51. h6 Re8 $19) 51... Re8 $1 52. Rxb6 Ra8 53. Kf6 (53. Rb3
$142 a4 54. Ra3 Ra6 $5 $19 (54... Kg7)) 53... a4 54. Kf7 a3 55. Rb1 a2 56. Ra1
Ra7+ 57. Kf6 (57. Kf8 h6 $19 58. Ke8 Kg7) 57... Kg8 58. Rg1+ Kf8 59. Ra1 Ra6+
60. Kg5 Kf7 61. Rf1+ Kg7 62. Ra1 Ra5+ 63. Kf4 Kh6 64. Kg4 Ra3 65. Kf5 Ra4 0-1

[Event "Quebec op"]
[Site "Montreal"]
[Date "2000.07.22"]
[Round "1"]
[White "Archangelsky, Mikhail"]
[Black "Tyomkin, Dimitri"]
[Result "0-1"]
[WhiteElo "2384"]
[BlackElo "2522"]
[Annotator "Tyomkin,D"]
[PlyCount "51"]
[EventDate "2000.07.22"]
[EventType "swiss"]
[EventRounds "9"]
[EventCountry "CAN"]
[SourceTitle "CBM 078"]
[Source "ChessBase"]
[SourceDate "2000.10.18"]
[SourceVersion "1"]
[SourceVersionDate "2000.10.18"]
[SourceQuality "1"]

1. e4 c5 2. Nc3 a6 3. f4 b5 4. Nf3 Bb7 5. d3 e6 6. Qe2 {[%cal Yb5b4,Gc3d1]
Setting free d1-square for the knight, and preventing f7-f5 or d7-d5.} (6. g3
b4 $1 {[%csl Yc3]}) 6... Nc6 7. g3 {White could prevent following blacks idea
by:} (7. Be3 b4 8. Na4 Qa5 9. b3 Nf6 {[%cal Gf8e7,Ye8g8] with mutual play.})
7... Nd4 $5 $146 {Playing hard from the beginning.} (7... b4 8. Nd1 Nd4 9. Qf2
Qa5 10. Nxd4 cxd4 11. Qxd4 Rc8 12. Ne3 Nf6 $44 {1-0 Naer,E-Tzoumbas,A/
Bratislava 1993/TD (21)}) 8. Qf2 (8. Nxd4 cxd4 9. Nd1 Rc8 {[%csl Rc2][%cal
Gd8c7,Yf8b4] following by Bb4 check and Qc7. Pawn c2 is a target for black
pieces.}) 8... Nxf3+ 9. Qxf3 f5 $1 {[%csl Gb7] Breaking whites center on
e4-point.} (9... d5 10. Bg2 {[%cal Ge1g1] white is getting comfortable
position this way.}) 10. Bg2 Nf6 {[%cal Rb5b4] b5-b4 is a threat now.} 11. Qe2
b4 12. Nd1 fxe4 13. dxe4 {Now white looks great, continuing e4-e5, but...} c4
$1 {[%cal Yf8c5][%mdl 512] Bishop should be developed to c5!} (13... Be7 14. e5
Bxg2 15. Qxg2 (15. exf6 Bxh1 16. fxg7 Kf7 $1) 15... Nd5 16. Ne3 {and white
gets convenient play.}) 14. e5 (14. Qxc4 Rc8 (14... Nxe4 15. Bxe4 d5 16. Qb3 $1
{[%csl Re6]}) 15. Qd3 Qc7 16. Ne3 Bc5 $44 {[%csl Gc5] Black has a big
advantage in development, which completely compensates the pawn.}) (14. O-O
Qb6+ 15. Be3 Bc5 $36) 14... Bxg2 15. Qxg2 Nd5 16. Ne3 {[%tqu "En","Back has
one smart move now.","","","d5b6","Very imporatant move. Now black bishop
comes to c5, and white knight and bishop are placed dubiously.",10]} Nb6 $1 {
[%csl Rc1,Re3][%cal Gf8c5] Very important move. Now the black bishop comes to
c5, and white's knight and bishop are placed dubiously.} 17. Qe4 Qc7 18. Kf1 $6
{White didn't want to place a king on the diagonal g1-c5, and he wants to
prevent Bc5 move, because the pawn c4 is hanged,but...} (18. O-O Bc5 19. Kg2
Bxe3 20. Bxe3 Nd5 $15 {[%csl Yd5,Re3][%cal Ge8g8] and knight is stronger than
bishop.}) 18... Bc5 {[%mdl 512] Anything can not stop the bishop coming to c5!}
19. Nxc4 {Now black can not take on c4, so was it a blunder?} (19. Kg2 O-O $1)
19... Rc8 $1 {Intending 20...Nxc4 21.Qxc4 and Qb7.} (19... Nxc4 20. Qxa8+ Kf7
21. Qf3 $1 $18 (21. Qxh8 $2 Qc6 $1 {[%csl Rf1]})) 20. Nxb6 Bxb6 21. Ke2 Qc5 $1
{[%csl Re2][%cal Yc5f2,Yc5b5] Increasing the pressure, and intending to check
from b5 or f2. Ending doesn't come to account.} (21... Qxc2+ 22. Qxc2 Rxc2+ 23.
Kd3 {and white king is perfect in the center in that ending.}) 22. Be3 Qb5+ 23.
Kf3 (23. Kd2 Rc4 24. Qa8+ Ke7 $1 25. Qxh8 $140 Qd5+ $19) 23... Rc4 24. Qa8+ $2
{The only chance for white was:} (24. Qb7 Rxc2 25. Rhe1 O-O $5 $36) 24... Bd8 (
{Now it wasn't neccesary to sacrifice material:} 24... Kf7 $2 25. Qxh8 Qd5+ 26.
Kg4 Bxe3 {[%cal Rc4f4] Now white should prevent the blow Rxf4.} 27. Rhf1 (27.
Qxh7 Rxf4+ 28. Kh3 Qf3 $19) 27... Qe4 {Black has an attack, but still anything
decisive.}) 25. Rhc1 O-O {Now my opponent took his king and placed it to the
worst place, deciding not to suffer anymore in this game:} 26. Ke2 {Black has
a choice between 26...Rc8, winning a queen, or 26...Rxc2 with mating attack,
so white resigned. But even not blundering by 26.Ke2, white position stays
very difficult, very close to be hopeless.} (26. Kg2 $142 Bc7 27. Qf3 Bxe5 $17)
(26. Kf2 Rcxf4+ $1 {[%cal Yd8h4,Yd8b6]}) (26. b3 Rc6 {[%cal Rb5e5,Rd8b6,Yb5d5]
with threats Bb6, and Qxe5.}) 0-1

[Event "ISR-chT"]
[Site "Israel"]
[Date "1999.01.15"]
[Round "1.4"]
[White "Uritzky, Maxim"]
[Black "Tyomkin, Dimitri"]
[Result "1/2-1/2"]
[WhiteElo "2409"]
[BlackElo "2503"]
[Annotator "Tyomkin,D"]
[PlyCount "121"]
[EventDate "1999.01.??"]
[EventType "team"]
[EventRounds "11"]
[EventCountry "ISR"]
[SourceTitle "CBM 071"]
[Source "ChessBase"]
[SourceDate "1999.08.01"]
[SourceVersion "1"]
[SourceVersionDate "1999.08.01"]
[SourceQuality "1"]

1. e4 c5 2. Nc3 a6 3. a4 e6 4. g3 d5 $146 {Blacks play looks very logical and
I don't know the reason why anybody didn't play like this.Comparing with the
line 2...e6 3.g3 d5,two included moves, a2-a4 and a7-a6,are for the benefit of
black.} (4... Nc6 5. Bg2 (5. Nge2 g6 6. Bg2 Bg7 7. d3 Nge7 8. Be3 Nd4 9. O-O
O-O 10. f4 d6 11. Qd2 Rb8 $132 {1/2-1/2 Sarkisian,G-Kozel,R/Yalta opJ ,EXT
1995 (22)}) 5... Nf6 6. Nge2 d6 7. d3 Be7 8. O-O O-O 9. f4 Rb8 10. h3 d5 11. e5
Nd7 12. Kh2 b5 13. axb5 axb5 14. Re1 b4 $15 {0-1 Luciani,V-Efimov,I/Saint
Vincent ITA 1999 (42)}) 5. exd5 (5. Bg2 d4 $1 6. Nce2 d3) (5. d3 {-black
continues like after 2..e6.}) 5... exd5 6. Bg2 Nf6 (6... d4 $5 7. Qe2+ Be6 8.
Nd5 (8. Bxb7 $2 {by the way in the same variation in 2...e6-line,white gains
material.} Ra7) 8... Bd6 9. d3 Ne7 10. Nf4 Bxf4 11. Bxf4 Nbc6 $15) 7. d3 Be7 8.
Bg5 Nbd7 ({I didn't see a reason to hurry up with the move:} 8... d4) 9. d4 $5
(9. Nge2 d4 {This is the right time to push d5-d4.}) 9... cxd4 10. Qxd4 O-O 11.
Nge2 Bc5 {[%mdl 512] This move forces the ending with pawn up for white.} (
11... Re8 $5) 12. Bxf6 $1 (12. Qd3 $2 Bxf2+) (12. Qf4 $6 h6) (12. Qh4 $6 h6) (
12. Qd2 h6 (12... Nb6 $5) 13. Be3 (13. Bf4 Nb6 {[%cal Gc8f5,Yb6c4] /\Bf5,Nc4})
13... Bxe3 (13... Re8 $5) 14. Qxe3 Re8 15. Qd4 Ne5 $1 16. Nxd5 (16. O-O-O Bg4
$1 $36 {[%csl Rf3][%cal Yg4d1]}) (16. O-O $6 Bg4 {[%csl Rf3]}) 16... Nxd5 17.
Qxd5 (17. Bxd5 $4 Nf3+ $1 {[%cal Rd8d4,Re8e1]}) 17... Bg4 $17 {[%csl Re2]})
12... Qxf6 (12... Bxd4 13. Bxd8 Bxc3+ 14. Nxc3 Rxd8 15. Nxd5 $16) 13. Qxf6 Nxf6
14. Nxd5 (14. O-O $6 d4) 14... Nxd5 15. Bxd5 Re8 $44 {_|_^^ White has clear
compensation for sacrificed pawn:pair of bishops and some advantage in
development,but black has to hurry up-white intends to protect Ne2 and then to
castle.} 16. Bf3 Bf5 $1 (16... Bh3 $5 17. O-O-O (17. Bxb7 Ra7 (17... Rab8 18.
Bxa6 Rxb2 19. Bd3 $18) 18. Bc6 (18. Bf3 $5 Rae7 19. O-O-O Rxe2 20. Bxe2 Rxe2
21. Rd8+ Bf8 22. Rhd1 (22. Rd2 Re4) 22... Rxf2 (22... g6 23. Ra8 Kg7 24. Rxa6
$16) (22... Bf5 23. R1d6 $5) 23. Ra8 Bg4 24. Rdd8 Rf1+ 25. Kd2 Rd1+ 26. Kc3
Rxd8 27. Rxd8)) 17... Bxf2 18. Bxb7 Ra7 19. Bc6 Rc8 20. Nc3 g6 21. Bf3 $16) (
16... g5 $6 17. g4) 17. O-O Bxc2 18. Bxb7 {White again have won a pawn,but the
game passes to equal ending with opposite bishops.} (18. Rac1 Bd3 (18... Be4))
(18. Rfc1 Be4 $1 $11 (18... Bd3 $2 19. Rxc5 Bxe2 20. Bxb7 $16)) 18... Ra7 19.
Bf3 Bd3 $11 20. Rfc1 Bxe2 21. Bxe2 Bb4 {[%cal Ga6a5][%mdl 4096] _|_^- blocking
the queenside by a6-a5 on next move.} (21... Rxe2 22. Rxc5 g6 23. b3 $1 Rb2 $1
(23... Rd7 24. Rc3 $1 {[%cal Gc3f3,Yf3f2,Yc3b3] /\Rf3}) 24. Rc3 Rb7 25. Rd1
R7xb3 26. Rxb3 Rxb3 27. Rd6 {as I remember, the evaluation of this ending is a
draw,but the move of black in the game is better.}) 22. Rc2 a5 23. Rd1 Rae7 24.
Kf1 g6 25. Rd3 Kg7 26. Bf3 Re1+ 27. Kg2 R1e5 28. b3 h5 29. h4 R8e7 30. Rc4 {
[%cal Rc4b4] Black should be cautious:white threatens to capture on b4 and
then-Rd4 and black can not protect b4-pawn.} Ba3 31. Rd8 Re8 32. Rxe8 Rxe8 33.
Rc6 Re7 34. Bd5 Bb4 35. Bc4 Be1 36. Rd6 Bb4 37. Rd5 Re1 38. Kf3 Re7 39. Kg2 Re1
40. f3 {White tries the last chance-to lead g3-g4,but black is not worse on
the kingside.} f5 41. Rb5 Re7 42. Rb6 Bc3 43. Ra6 Bb4 44. Ra8 Bc3 45. Rg8+ Kh7
46. Rd8 Bb4 47. Bd3 Kg7 48. Rd5 Bc3 49. g4 (49. Rd6 Bb4 50. Rc6 Rd7 51. Bc2 Rd6
) 49... hxg4 50. fxg4 fxg4 51. Rg5 Kh6 $1 {Black keeps one of g-pawns by the
king.} 52. Rxg4 (52. Rxg6+ Kh5) 52... Kh5 53. Rc4 Bb4 54. Bc2 {[%cal Gc2d1] /
\Bd1} Rd7 55. Kh3 Rd2 56. Rc8 Kh6 57. Be4 Re2 58. Re8 Re3+ 59. Kg2 Rxb3 60. Rg8
Kh5 61. Bf3+ 1/2-1/2

[Event "North Bay op"]
[Site "North Bay"]
[Date "1998.08.09"]
[Round "9"]
[White "Kudrin, Sergey"]
[Black "Fedorowicz, John P"]
[Result "1-0"]
[WhiteElo "2540"]
[BlackElo "2540"]
[Annotator "Tyomkin,D"]
[PlyCount "45"]
[EventDate "1998.08.??"]
[EventType "swiss"]
[EventRounds "9"]
[EventCountry "CAN"]
[SourceTitle "CBM 066"]
[Source "ChessBase"]
[SourceDate "1998.09.30"]
[SourceVersion "1"]
[SourceVersionDate "1998.09.30"]
[SourceQuality "1"]

{This game of the last round was decisive for both opponents.Fedorovich was 1/
2 point ahead and in case of win could reach clear first place,but he was
simply crushed in very nice style!} 1. e4 c5 2. Nc3 Nc6 3. Nge2 e5 4. Nd5 d6 5.
Nec3 a6 6. a4 g6 $6 (6... Be7) 7. Bc4 Bg7 8. d3 Nh6 $6 {Black played the
opening in careless mannerand punishment comes pretty fast!} (8... Nge7 $5 9.
Bg5) 9. h4 $1 {[%csl Rh6][%cal Gh4h5]} f6 {[#]} (9... f5 10. Bg5 {is extremly
dangerous for black,but it's better than the move in the game.}) (9... O-O 10.
Bg5 Qa5 11. h5 $18) {[%tqu "En","","","","d5f6","",15]} 10. Nxf6+ $3 Qxf6 11.
Bg5 Qf8 12. Nd5 {[%cal Gd5c7]} Ng4 (12... Rb8 13. Nc7+ Kd7 14. Ne6 Qf7 15.
Nxc5+) 13. O-O $1 (13. f3 Nf6) 13... Nf6 14. Nc7+ Ke7 {[#]} {[%tqu "En","","",
"","f2f4","Opening new files and bringing more pieces to the attack.Black's
days are over.",10]} 15. f4 $1 {[%cal Gf1f6] Opening new files and bringing
more pieces to the attack.Black's days are over.} h6 16. Bxf6+ Bxf6 17. fxe5
Nxe5 18. Nd5+ Kd7 19. Rxf6 $18 Qg7 20. Qd2 $1 {[%cal Rd2a5,Ga1f1] Qa5,Raf1.
Another great move of white!} b6 21. Raf1 Rb8 22. Ne3 Rh7 23. d4 $1 {[%cal
Gd2d7]} (23. d4 cxd4 24. Qxd4 Qe7 25. Nd5 $18) 1-0